| 000 -LEADER | |
|---|---|
| fixed length control field | 00356nam a22001577a 4500 |
| 005 - DATE AND TIME OF LATEST TRANSACTION | |
| control field | 20160701111751.0 |
| 008 - FIXED-LENGTH DATA ELEMENTS--GENERAL INFORMATION | |
| fixed length control field | 160701b xxu||||| |||| 00| 0 eng d |
| 041 ## - LANGUAGE CODE | |
| Language code of text/sound track or separate title | eng |
| 082 ## - DEWEY DECIMAL CLASSIFICATION NUMBER | |
| Item number | 20295 |
| 100 ## - MAIN ENTRY--AUTHOR NAME | |
| Personal name | Chugh CP |
| 245 ## - TITLE STATEMENT | |
| Title | Drilling technology handbook |
| 260 ## - PUBLICATION, DISTRIBUTION, ETC. (IMPRINT) | |
| Name of publisher | Oxford |
| 300 ## - PHYSICAL DESCRIPTION | |
| Number of Pages | 456 |
| 650 ## - SUBJECT ADDED ENTRY--TOPICAL TERM | |
| Topical Term | Diploma Engineering |
| 942 ## - ADDED ENTRY ELEMENTS (KOHA) | |
| Koha item type | Books |
| Lost status | Damaged status | Home library | Current library | Shelving location | Date acquired | Cost, normal purchase price | Full call number | Accession Number | Koha item type | Collection code |
|---|---|---|---|---|---|---|---|---|---|---|
| JRU Library | SHELF-7-C | 01/07/2016 | 400.00 | 20295 | 20295 | Books | ||||
| JRU Library | JRU Library | SHELF-94-E | 01/07/2016 | 400.00 | 20295 | 20296 | Books | MINING | ||
| JRU Library | JRU Library | SHELF-94-E | 01/07/2016 | 400.00 | 20295 | 20297 | Books | MINING | ||
| JRU Library | JRU Library | SHELF-94-E | 01/07/2016 | 400.00 | 20295 | 20298 | Books | MINING | ||
| JRU Library | JRU Library | SHELF-94-E | 01/07/2016 | 400.00 | 20295 | 20299 | Books | MINING |